000 00611nam a2200193Ii 4500
003 JO-AjNU
008 230605s9999||||xx |||||||||||||| ||und||
040 _aJO-AjNU
_bara
_erda
_cJO-AjNU
041 _aara
050 1 4 _aPJ7862.U8.A17 1981
100 3 _aالسوسي،حسن,
_eauthor
_97492
245 0 0 _aنماذج
264 3 1 _aليبيا: الدار العربية للكتاب، 1981
300 _a167ص
336 _atext
_btxt
_2rdacontent
337 _aunmediated
_bn
_2rdamedia
338 _avolume
_bnc
_2rdacarrier
650 4 _aالشعر العربي - ليبيا - القرن العشرين
_97493
999 _aA306
_c3874
_d3874